Pokemon der Rivalen - Statistiken

Allgemein
  • Dieses Quiz wurde 182 mal gespielt
    158 seit der letzten Aktualisierung
  • Das Durchschnittsergebnis liegt bei 144 aus 272
Antwortstatistiken
Hint Antwort % Korrekt
Bisaflor
94%
Glurak
94%
Turtok
94%
Blau (R/G/B) Tauboss
91%
Simsala
84%
Aquana
83%
Blitza
83%
Flamara
83%
Raichu
83%
Arkani
80%
Kokowei
80%
Pikachu
80%
Gengar
78%
Gewaldro
78%
Impergator
78%
Impoleon
78%
Panferno
78%
Trace (LPG/LGE) Evoli
77%
Lohgock
77%
Meganie
77%
Sumpex
77%
Chelterrar
75%
Endivie
75%
Flemmli
75%
Hydropi
75%
Panflam
75%
Tornupto
75%
Chelast
73%
Garados
73%
Karnimani
73%
Plinfa
73%
Relaxo
73%
Staraptor
73%
Silber (G/S/K) Feurigel
72%
Guardevoir
72%
Iksbat
72%
Panpyro
72%
Gallopa
70%
Golbat
70%
Igelavar
70%
Jungglut
70%
Moorabbel
70%
Reptain
70%
Tyracroc
70%
Lorblatt
69%
Rizeros
69%
Zubat
69%
Brix/Maike (RU/SA) Geckarbor
67%
Knogga
67%
Tauros
67%
Alpollo
66%
Chelcarain
66%
Magneton
66%
Nebulak
66%
Kadabra
64%
Barry (D/P) Staralili
64%
Tauboga
64%
Taubsi
64%
Lahmus
63%
Quajutsu
63%
Staravia
63%
Heiko (RU/SA/SM) Trasla
63%
Admurai
61%
Vulnona
61%
Flambirex
59%
Froxy
59%
Heiko (OR/AS) Galagladi
59%
Ottaro
59%
Pliprin
59%
Schwalboss
59%
Serpiroyal
59%
Amphizel
58%
Brigaron
58%
Ferkokel
58%
Igamaro
58%
Magnetilo
58%
Blau (Gelb) Sandamer
58%
Blau (FR/BG Runde 2) Skaraborn
58%
Zwottronin
58%
Fennexis
56%
Cheren/Bell gem.PKMN (S/W) Floink
56%
Sannah (X/Y) Fynx
56%
Ponita
56%
Wailmer
56%
Wailord
56%
Despotar
55%
Giflor
55%
Roselia
55%
Rutena
55%
Sniebel
55%
Absol
53%
Igastarnish
53%
Brix/Maike (OR/AS) Kapilz
53%
Mampfaxo
53%
Roserade
53%
Serpifeu
53%
Amigento
52%
Efoserp
52%
Hopplo
52%
Pelipper
52%
Bissbark
50%
Folipurba
50%
Fuegro
50%
Typ:Null
50%
Altaria
48%
Bojelin
48%
Kappalores
48%
Tragosso
48%
Aerodactyl
47%
Dusselgurr
47%
Fasasnob
47%
Flamiau
47%
Gortrom
47%
Kickerlo
47%
Knilz
47%
Krebutack
47%
Nemila (KA/PU) Kwaks
47%
Liberlo
47%
Lucario
47%
Terribark
47%
Yorkleff
47%
Austos
45%
Bamelin
45%
Bauz
45%
Chimstix
45%
Fuentente
45%
Intelleon
45%
Krokel
45%
Marikeck
45%
Memmeon
45%
Miezunder
45%
Phlegleon
45%
Tali (S/M) Robball
45%
Silvarro
45%
Snibunna
45%
Chimpep
44%
Feliospa
44%
Felori
44%
Kleoparda
44%
Lokroko
44%
Maskagato
44%
Navitaub
44%
Primarene
44%
Skelokrok
44%
Somnivora
44%
Wingull
44%
Arboretoss
42%
Florges
42%
Tierno (X/Y) Krebscorps
42%
Cheren (S2/W2) Nagelotz
42%
Pichu
42%
Psiau
42%
Hop (SW/SH) Wolly
42%
Duflor
41%
Enekoro
41%
Cheren (S/W) Felilou
41%
Fiaro
41%
Lombrero
41%
Brix/Maike (SM) Loturzel
41%
Myrapla
41%
Silembrim
41%
Wolwerock
41%
Zwollock
41%
Brimova
39%
Camaub
39%
Grillchita
39%
Meikro
39%
Pixi
39%
Sodachita
39%
Somniam
39%
Vegichita
39%
Wuffels
39%
Brimano
38%
Feelinara
38%
Kranoviz
38%
Krarmor
38%
Magcargo
38%
Morpeko
38%
Pamo
38%
Schneckmag
38%
UHaFnir
38%
Grillmak
36%
Maxax
36%
Olangaar
36%
Pamomamo
36%
Sodamak
36%
Toxiquak
36%
Vegimak
36%
Zoroark
36%
Tali (US/UM) eF-eM
34%
Mary (SW/SH) Glibunkel
34%
Krawell
34%
Mitodos
34%
Betys (SW/SH) Monozyto
34%
Gladio (US/UM) Zorua
34%
Britzigel
33%
Flabebe
33%
Hypnomorba
33%
Koalelu
33%
Mollimorba
33%
Zacian
33%
Kalem/Serena (X/Y) Dartiri
31%
Viscogon
31%
Zamazenta
31%
Irokex
30%
Toxel
30%
Flunkifer
28%
Porygon-Z
28%
Zurrokex
28%
Bailona
25%
Urgl
23%
Viscargot
23%
Viscora
23%
Tropius
20%
Libelldra
19%
Skelabra
19%
Bellektro
17%
Dummimisel
16%
Salanga
16%
Zapplarang
16%
Bisofank
14%
Brockoloss
14%
Fasanob
14%
Wie-Shu
14%
Psiaugin
13%
Schlurm
13%
Trombork
13%
Furnifraß
11%
Keine übereinstimmenden Quizze gefunden
Verteilung der Resultate
Anzahl Personen mit jedem Resultat
Perzentil nach korrekt beantworteten Fragen
Ihre Resultats-Entwicklung
Sie haben dieses Quiz seit der letzten Aktualisierung nicht gespielt